| 000 | 01125nam0a22002411i 4500 | ||
|---|---|---|---|
| 001 | rc\795073 | ||
| 005 | 20240726051008.0 | ||
| 035 | _a(NLR Aleph) 006320020 | ||
| 090 |
_a7442022 _c7442022 |
||
| 100 | _a20040301d1983 u |0rusy50 ca | ||
| 101 | 0 | _arus | |
| 102 | _aRU | ||
| 105 | _aa ||||||||| | ||
| 200 | 1 |
_aИсследование и разработка методов повышения эффективности управления материальными потоками в иерархических многоуровневых системах снабжения _e(На прим. гражд. авиации) _eАвтореф. дис. на соиск. учен. степ. канд. экон. наук _e(08.00.13) |
|
| 210 |
_aКиев _d1983 |
||
| 215 |
_a21 с. _cграф. |
||
| 300 | _aВ надзаг.: Киев. ин-т нар. хоз-ва им. Д.С. Коротченко | ||
| 320 | _aБиблиогр.: с. 20-21 (10 назв.) | ||
| 700 | 1 |
_aЖданов _bВ.П. _gВиталий Петрович |
|
| 801 | 0 |
_aRU _bNLR _gpsbo |
|
| 801 | 1 |
_aRU _bELAR _2rusmarc |
|
| 852 |
_aNLR _j84-4/28301 |
||
| 942 | _cBOOK | ||